Perspectives on the social order; (Record no. 118)
[ view plain ]
| 000 -LEADER | |
|---|---|
| fixed length control field | 00774cam a22002891 4500 |
| 001 - CONTROL NUMBER | |
| control field | 311029 |
| 003 - CONTROL NUMBER IDENTIFIER | |
| control field | OSt |
| 005 - DATE AND TIME OF LATEST TRANSACTION | |
| control field | 20170105095820.0 |
| 008 - FIXED-LENGTH DATA ELEMENTS--GENERAL INFORMATION | |
| fixed length control field | 850212s1963 nyua b 001 0 eng |
| 010 ## - LIBRARY OF CONGRESS CONTROL NUMBER | |
| LC control number | 63020192 |
| 035 ## - SYSTEM CONTROL NUMBER | |
| System control number | (OCoLC)1670307 |
| 035 ## - SYSTEM CONTROL NUMBER | |
| System control number | (OCoLC)ocm01670307 |
| 035 ## - SYSTEM CONTROL NUMBER | |
| System control number | (CStRLIN)NYCG85-B14833 |
| 035 ## - SYSTEM CONTROL NUMBER | |
| System control number | (NNC)311029 |
| 040 ## - CATALOGING SOURCE | |
| Transcribing agency | IEN |
| Modifying agency | CU-SB |
| 050 0# - LIBRARY OF CONGRESS CALL NUMBER | |
| Classification number | HM15 |
| Item number | .R58 |
| 082 ## - DEWEY DECIMAL CLASSIFICATION NUMBER | |
| Classification number | 301.082 |
| 090 ## - LOCALLY ASSIGNED LC-TYPE CALL NUMBER (OCLC); LOCAL CALL NUMBER (RLIN) | |
| Classification number (OCLC) (R) ; Classification number, CALL (RLIN) (NR) | HM15 |
| Local cutter number (OCLC) ; Book number/undivided call number, CALL (RLIN) | .R58 |
| 100 1# - MAIN ENTRY--PERSONAL NAME | |
| Personal name | Ross, H. Laurence |
| Fuller form of name | (Hugh Laurence), |
| Relator term | editor. |
| 245 10 - TITLE STATEMENT | |
| Title | Perspectives on the social order; |
| Remainder of title | readings in sociology. |
| 260 ## - PUBLICATION, DISTRIBUTION, ETC. | |
| Place of publication, distribution, etc. | New York, |
| Name of publisher, distributor, etc. | McGraw-Hill |
| Date of publication, distribution, etc. | [1963] |
| 300 ## - PHYSICAL DESCRIPTION | |
| Extent | 467 p. |
| Other physical details | diagrs. |
| Dimensions | 26 cm. |
| 504 ## - BIBLIOGRAPHY, ETC. NOTE | |
| Bibliography, etc. note | Includes bibliographies. |
| 650 #0 - SUBJECT ADDED ENTRY--TOPICAL TERM | |
| Topical term or geographic name entry element | Sociology. |
| 942 ## - ADDED ENTRY ELEMENTS (KOHA) | |
| Source of classification or shelving scheme | |
| Koha item type | Book |
| Withdrawn status | Lost status | Source of classification or shelving scheme | Damaged status | Not for loan | Collection code | Permanent Location | Current Location | Shelving location | Date acquired | Total Checkouts | Full call number | Barcode | Date last seen | Price effective from | Koha item type |
|---|---|---|---|---|---|---|---|---|---|---|---|---|---|---|---|
| Central Library (CL) | Central Library (CL) | General Stacks | 05/13/2016 | 301.082 ROS | S3H-N-395 | 07/16/2025 | 05/13/2016 | Book | |||||||
| Institute of Environmental Science and Engineering (IESE) | Institute of Environmental Science and Engineering (IESE) | 12/08/2016 | 301.082 | IESE-1654 | 12/08/2016 | 12/08/2016 | Book | ||||||||
| Institute of Environmental Science and Engineering (IESE) | Institute of Environmental Science and Engineering (IESE) | 12/08/2016 | 301.082 | IESE-1655 | 12/08/2016 | 12/08/2016 | Book | ||||||||
| Institute of Environmental Science and Engineering (IESE) | Institute of Environmental Science and Engineering (IESE) | 12/08/2016 | 301.082 | IESE-1656 | 12/08/2016 | 12/08/2016 | Book | ||||||||
| Institute of Environmental Science and Engineering (IESE) | Institute of Environmental Science and Engineering (IESE) | 12/08/2016 | 301.082 | IESE-1657 | 12/08/2016 | 12/08/2016 | Book |
